000 00667nam a22002177a 4500
999 _c2037
_d2037
003 SLTCLib
008 260615b ce ||||| |||| 00| 0 eng d
020 _a9780071441193
041 _aEnglish
080 _a658.562
_bGEO
100 _aGeorge, Michael L.
_93608
245 _aThe Lean Six Sigma Pocket Toolbook
_bA Quick Reference Guide to Nearly 100vTools for Improving Process Quality, Speed, and Complexity
260 _aNew York
_bMcGraw-Hill
_c2005
300 _a282p.
650 0 _93604
_aSix Sigma
650 0 _92510
_aQuality control
700 _93605
_aRowlands, David
700 _93606
_aPrice, Mark
700 _93607
_aMaxey, John
942 _2ddc
_cMRE
945 _a3725
_bIshara wickramage
_c3725
_dIshara wickramage